Trade liberalisation and technical efficiency : Evidence from Bangladesh manufacturing industries (Record no. 71448)

MARC details
000 -LEADER
fixed length control field 00478nam a2200157Ia 4500
100 ## - MAIN ENTRY--AUTHOR NAME
Personal name Hossain M A
245 #0 - TITLE STATEMENT
Title Trade liberalisation and technical efficiency : Evidence from Bangladesh manufacturing industries
260 ## - PUBLICATION, DISTRIBUTION, ETC. (IMPRINT)
Name of publisher Journal of Development Studies
Year of publication 2004
300 ## - PHYSICAL DESCRIPTION
Number of Pages 87-114
650 ## - SUBJECT ADDED ENTRY--TOPICAL TERM
Topical Term Bangladesh
650 ## - SUBJECT ADDED ENTRY--TOPICAL TERM
Topical Term Technical efficiency
650 ## - SUBJECT ADDED ENTRY--TOPICAL TERM
Topical Term Trade liberalisation
700 ## - ADDED ENTRY--PERSONAL NAME
Personal name Karunaratne N D
942 ## - ADDED ENTRY ELEMENTS (KOHA)
Koha item type Journals
Holdings
Withdrawn status Lost status Damaged status Not for loan Home library Current library Shelving location Date acquired Serial Enumeration / chronology Koha item type
      Journals RRII Library RRII Library Agricultural economics 17/12/2021 Volume 40, Issue 3 Journals